| Поле | Инд. | ПП | Название | Значение |
|---|---|---|---|---|
| Тип записи | a | |||
| Библиографический уровень | m | |||
| 001 | Контрольный номер | RU/IS/BASE/423759590 | ||
| 005 | Дата корректировки | 20140703211029.6 | ||
| 040 | a | Служба первич. каталог. | НБ ТвГУ | |
| b | Код языка каталог. | rus | ||
| e | Правила каталог. | PSBO | ||
| 041 | 0_ | a | Код языка текста | rus |
| 080 | a | Индекс УДК | 811.111'373(043.3) | |
| 080 | a | Индекс УДК | 811.161.1'373(043.3) | |
| 084 | a | Индекс другой классификации/Индекс ББК | Ш143.21-36я031 | |
| 084 | a | Индекс другой классификации/Индекс ББК | Ш141.12-36я031 | |
| 090 | a | Полочн. индекс | Ш143.21 | |
| x | Авторский знак | З-63 | ||
| 100 | 1_ | a | Автор | Зиннатуллина Лилия Махарямовна |
| q | Полное имя | Зиннатуллина Л. М. | ||
| 245 | 10 | a | Заглавие | Адвербиальные фразеологические единицы в английском и русском языках |
| b | Продолж. заглавия | автореф. дис. ... к.ф.н. : 10.02.20 | ||
| c | Ответственность | ФГАОУ ВПО "Казан. (Приволж.) федер. ун-т", Каф. англ. филологии | ||
| 260 | a | Место издания | Казань | |
| b | Издательство | Казанский государственный университет | ||
| c | Дата издания | 2013 | ||
| 300 | a | Объем | 25 с. | |
| 500 | a | Примечание | На правах рукоп. | |
| 504 | a | Библиография | Библиогр. в конце кн. (7 назв.) | |
| 653 | a | Ключевые слова | Авторефераты | |
| a | Ключевые слова | Английский язык | ||
| a | Ключевые слова | Идиомы | ||
| a | Ключевые слова | Идиомы в английском языке | ||
| a | Ключевые слова | Лексикология | ||
| a | Ключевые слова | Русский язык | ||
| a | Ключевые слова | Сопоставительное языкознание | ||
| a | Ключевые слова | Сопоставительный анализ | ||
| a | Ключевые слова | Сравнительное языкознание | ||
| a | Ключевые слова | Сравнительно-историческое языкознание | ||
| a | Ключевые слова | Типологическое языкознание | ||
| a | Ключевые слова | Фразеологические единицы | ||
| a | Ключевые слова | Фразеология | ||
| a | Ключевые слова | Фразеология английского языка | ||
| a | Ключевые слова | Фразеология русского языка | ||
| a | Ключевые слова | Языкознание | ||
| 901 | t | Тип документа | m | |
| 920 | a | Оператор | Семен | |
| a | Оператор | Рунт | ||
| a | Оператор | Густ | ||
| a | Оператор | Стро | ||
| 930 | a | Новая/Ретро | авторефераты | |
| 952 | c | Вид литературы | А/Р н | |
| 954 | a | Дата поступления на обработку | 20130822 | |
| c | Дата окончания ОНО | 20130919 | ||
| b | Дата поступления в ОК | 20130606 |